Leadership experience (Record no. 1236)

MARC details
000 -LEADER
fixed length control field 00469nam a2200181Ia 4500
008 - FIXED-LENGTH DATA ELEMENTS--GENERAL INFORMATION
fixed length control field 230917s9999||||xx |||||||||||||| ||und||
020 ## - ISBN
Price RS 725.00
040 ## - CATALOGING SOURCE
-- 5008801
Original cataloging agency VIVEKANANDA LIBRARY
041 ## - Language
-- English
082 ## - DDC NUMBER
Classification number 658.4092 D131L(6)
100 ## - MAIN ENTRY--PERSONAL NAME
Personal name Daft, Richard L
245 #0 - TITLE STATEMENT
Title Leadership experience
250 ## - EDITION STATEMENT
Edition statement 6th ed.
260 ## - PUBLICATION, DISTRIBUTION, ETC. (IMPRINT)
Place of publication, distribution, etc Delhi
Name of publisher, distributor, etc Cengage Learning India
Date of publication, distribution, etc 2018
300 ## - PHYSICAL DESCRIPTION
Pages xviii, 507 p.
500 ## - GENERAL NOTE
General note 3941 03/01/2020 HBD20/8175 24/01/2020
942 ## - ADDED ENTRY ELEMENTS (KOHA)
Koha item type Books
Holdings
Withdrawn status Lost status Damaged status Not for loan Location (home branch) Sublocation or collection (holding branch) Shelving location Date acquired Koha issues (times borrowed) Koha full call number Accession No. Koha date last seen Koha item type
        VIVEKANANDA LIBRARY VIVEKANANDA LIBRARY IMSAR Library 13/02/2020 1 658.4092 D131L(6) 396245 04/12/2023 Books
© Designed and Maintained by Vivekananda Library, MDU Rohtak